'The Nanny' Theme Song Quiz Stats

Quiz Updated Mar 16, 2012

Challenge
Share
Tweet
Embed
Score 0/129 Timer 06:00
1 Play Today
% Correct
a
99%
the
99%
the
99%
the
99%
the
99%
the
99%
and
99%
the
99%
the
99%
The
99%
the
99%
the
99%
Nanny.
95.1%
Nanny
95.1%
She
94.3%
she
94.3%
she
94.3%
She
94.3%
she
94.3%
She
94.3%
She
94.3%
She
94.3%
she
94.3%
She
93.4%
was
90.5%
was
90.5%
was
90.5%
was
90.5%
was
90.5%
was
90.5%
was
90.5%
C.C.)
88.2%
in
88.1%
in
88.1%
in
88.1%
in
88.1%
her
86.3%
her
86.3%
her
86.3%
her
86.3%
to
84.7%
to
84.7%
to
84.7%
% Correct
to
84.7%
on
84.3%
do?
83.9%
out
83.7%
out
83.7%
out
83.7%
Queens,
79.5%
What
78.9%
what
78.9%
of
78.2%
boyfriend
76.4%
working
75.6%
became
75.5%
kicked
75%
go?
74.9%
shop
74.5%
that
74.4%
Where
74%
one
73.9%
there
73.8%
there.
73.8%
Flushing
73.7%
Flushing,
73.7%
Flushing
73.5%
those
71.6%
but
71.4%
how
70.7%
scenes.
70.1%
kids
69.8%
make-up,
69.7%
when
69.4%
crushing
69%
fanny.
69%
sell
68.4%
door,
67.1%
Fran!
66.8%
bridal
66.2%
That's
65.8%
had
64.9%
had
64.9%
from
64.7%
from
64.6%
is
64.3%
% Correct
more.
64.1%
girl
63.9%
girl
63.9%
is
63.7%
named
63.1%
style.
62.9%
saw
61%
father
60.5%
father
60.5%
Who
59.8%
are
57.4%
would
56.2%
have
54.7%
red
53.9%
So
53.7%
(watch
53.2%
smiling
52.8%
Sheffields'
52.6%
flair.
52.2%
doctor
51.7%
'til
50.5%
lady
50.2%
over
50.2%
tan.
49.4%
bridge
48.7%
wearing
48.6%
prescribed?
48.2%
else
47.9%
Now
47.8%
actually
46.7%
just
46.2%
de
45.9%
guessed
45.5%
exactly
45.3%
everybody
45.2%
flashy
40%
described
38.9%
finds
30.9%
(such
30.5%
beguiling
27.6%
joie
22%
vivre.)
20.9%
we've
18.6%

You're not logged in!

Compare scores with friends on all Sporcle quizzes.
Sign Up with Email
OR
Log In

You Might Also Like...

Show Comments

Extras

Top Quizzes Today


Score Distribution

Your Account Isn't Verified!

In order to create a playlist on Sporcle, you need to verify the email address you used during registration. Go to your Sporcle Settings to finish the process.